000 00334nam a2200121Ia 4500
008 241028s9999 xx 000 0 und d
041 _aeng
082 _a658.1511076 WAR
100 _aWarren/ Jones/ Tayler
245 _aFinancial And Managerial Accounting
260 _bCengage Learning India
_aDehli
_c2020
300 _a1442;. P. 27 cm
999 _c42993
_d42993